000 00333nam a2200133Ia 4500
008 240624s9999 xx 000 0 und d
041 _aeng
082 _a330 JOH
100 _aJOHNSON MARIANNE
245 _aECONOMIC THEORY BY TAUSSIG YOUNG AND CAR
260 _c2010
_aIndia
_bEmerald
300 _av, 190p.; 23 cm
365 _c
_b30
999 _c29901
_d29901